000
00216nam a2200097Ia 4500
008
240331s9999 xx 000 0 und d
082
_a
200.042
_b
GOD
100
_a
Logo. ed
245
0
_a
God Women and the Bible
942
_c
L
999
_c
796
_d
796